• 首页
  • 本馆介绍
  • 公告通知
  • 最新文献
  • 馆藏检索
  • 电子资源
  • 读者导购
  • 参考咨询
  • 我的图书馆
  • 登录
  • 详细信息显示
  • 放入我的书架
  • 预约/预借图书
  • 作者相关作品
  • 分类相关作品
  • 丛书相关作品
  • 出版社相关作品

书目信息

  • 表格格式
  • 工作单格式
  • 卡片格式
题名:
城市应对气候变化政策研究
    
 
作者: 曾贤刚 , 许光清 编著
分册:  
出版信息: 北京   科学技术文献出版社  2015
页数: 267页
开本: 24cm
丛书名: 国家可持续发展实验区应对气候变化能力建设培训教材系列丛书
单 册:
中图分类: P463.3
科图分类:
主题词: 城市气候--cheng shi qi hou--气候变化--对策--研究
电子资源:
ISBN: 978-7-5189-0027-5
000 01400nam 2200313 450
001 012001001230
005 20131107164517.0
010    @a978-7-5189-0027-5@dCNY68.00
099    @aCAL 012016025231
100    @a20160115d2015 em y0chiy50 ea
101 0  @achi
102    @aCN@b110000
105    @aabk a 000yy
106    @ar
200 1  @a城市应对气候变化政策研究@Acheng shi ying dui qi hou bian hua zheng ce yan jiu@f曾贤刚, 许光清编著
210    @a北京@c科学技术文献出版社@d2015
215    @a267页@c图, 地图@d24cm
225 2  @a国家可持续发展实验区应对气候变化能力建设培训教材系列丛书@Aguo jia ke chi xu fa zhan shi yan qu ying dui qi hou bian hua neng li jian she pei xun jiao cai xi lie cong shu
300    @a中国清洁发展机制基金赠款项目资助 (项目编号: 1214073)
320    @a有书目
330    @a全书紧紧围绕城市应对气候变化这一中心思想,首先从理论方面解释了对目前全球面临的平均气温升高、海平面升高、自然灾害频发、生态环境受到破坏等现实问题对人类的居住环境和身体健康带来的影响。
333    @a适用于气象预报业务人员、科研人员、有关院校师生及及相关读者。
410  0 @12001 @a国家可持续发展实验区应对气候变化能力建设培训教材系列丛书
606 0  @a城市气候@Acheng shi qi hou@x气候变化@x对策@x研究
690    @aP463.3@v5
701  0 @a曾贤刚@Azeng xian gang@4编著
701  0 @a许光清@Axu guang qing@4编著
801  0 @aCN@b北京卓展@c20191020
905    @b1197809-12@dP463.3@e156@f4
    
    城市应对气候变化政策研究/曾贤刚, 许光清编著.-北京:科学技术文献出版社,2015
    267页:图, 地图;24cm.-(国家可持续发展实验区应对气候变化能力建设培训教材系列丛书)
    中国清洁发展机制基金赠款项目资助 (项目编号: 1214073).-使用对象:适用于气象预报业务人员、科研人员、有关院校师生及及相关读者。
    
    ISBN 978-7-5189-0027-5:CNY68.00
    全书紧紧围绕城市应对气候变化这一中心思想,首先从理论方面解释了对目前全球面临的平均气温升高、海平面升高、自然灾害频发、生态环境受到破坏等现实问题对人类的居住环境和身体健康带来的影响。
●
相关链接 在E读中查询图书 在五车中查询图书 在当当中查询图书 在豆瓣中查询图书


正题名:城市应对气候变化政策研究     索取号:P463.3/156         预约/预借

序号 登录号 条形码 馆藏地/架位号 状态 备注
1 1197809   211978092   第二样本阅览室/ [索取号:P463.3/156] 在馆    
2 1197810   211978109   第三借阅区/ [索取号:P463.3/156] 在馆    
3 1197811   211978118   第三借阅区/ [索取号:P463.3/156] 在馆    
4 1197812   211978127   第三借阅区/ [索取号:P463.3/156] 在馆    
唐山师范学院图书馆 欢迎您!
大连网信软件有限公司© 版权所有